000 00441nam a22001457a 4500
005 20240315102322.0
008 240315b ||||| |||| 00| 0 eng d
040 _cAL
041 _aeng
082 _223
_a658.8
_bCONS
245 _aConsumer Behaviour and After Sales Service of TATA Indica with Reference to Auto Matrix
260 _aMangalore
_bSt Aloysius College
_c2004
700 _aMENEZES (Jaison Baptist)
_9154505
942 _2ddc
_cPRO
999 _c230377
_d230377